| 000 | 00558nam a22001937a 4500 | ||
|---|---|---|---|
| 003 | OSt | ||
| 005 | 20190115114651.0 | ||
| 008 | 190110b xxu||||| |||| 00| 0 eng d | ||
| 020 | _a0850830370 | ||
| 040 | _aLB-BrCRDP | ||
| 082 | _a621.945 E57b | ||
| 110 | _aEngineering Industry Training Board. | ||
| 245 | _aBoring for engineering craftsmen. | ||
| 260 |
_aWatford _b Engineering Industry Training Board _c1969 |
||
| 300 |
_a175p _c30cm |
||
| 490 |
_aInstruction manual, module D.21 _v |
||
| 630 | _a Drilling and boring machinery. | ||
| 942 |
_2ddc _cBK |
||
| 999 |
_c22348 _d22348 |
||